00736 2200169 4500245005500000020002200055100001400077700002200091650002000113005001900133260004500152041001400197084001000211300002000221500031600241336000900557 aTutorial Office Hijab Mix & MatchcRukmiwatihText a978-602-03-1844-8 aRukmiwati aIntarina Hardiman aTutorial Jilbab a20240508102828 aJakartabPT Gramedia Pustaka Utamac2015 aIndonesia a646.3 a94 hlm. :c23cm aMuslimah yang aktif bekerja pastilah membutuhkan busan siap pakai yang bisa memberi kenyamanan dan menambah semangat kerja dari awal hingga berakhir tugasnya.Busana hijapb untuk ke kantor yang mampu memberi kesan keceriaan penampilannya disetiap saat di mana kesigapan dan kesiapan merupakan tuntutan pekerjaan. atext